| 000 | 04402namaa22004211i 4500 | ||
|---|---|---|---|
| 003 | OSt | ||
| 005 | 20260622132333.0 | ||
| 008 | 250827s2024 ua a|||frm||| 000 0 eng d | ||
| 040 |
_aEG-GICUC _bara _cEG-GICUC _dEG-GICUC _erda |
||
| 041 | 0 |
_aara _bara _beng |
|
| 049 | _aإيداع | ||
| 082 | 0 | 4 | _a371.46 |
| 092 |
_a 371.46 _221 |
||
| 097 | _aمــــاجستير | ||
| 099 | _aCai01.23.04.M.Sc.2024.كر.ر | ||
| 100 | 0 |
_a،كرستينا رسل عبد الملاك سليمان _eإعداد. |
|
| 245 | 1 | 0 |
_aالرحمة بالذات كمتغير معدل بين صعوبات تنظيم الانفعال والاحتراق النفسي لدى العاملين في مجال الصحة النفسية / _cإعداد كرستينا رسل عبد الملاك سليمان؛ إشراف أ. د/ منال عبد النعيم محمد طه، د/ نفيسة فوزي عمر. |
| 246 | 1 | 5 | _aSelf-compassion as a moderator between emotion regulation difficulties and burnout among mental health professionals / |
| 264 | 0 | _c2024. | |
| 300 |
_a132 صفحة : _bإيضاحيات ؛ _c25 سم. + _eCD. |
||
| 336 |
_atext _2rda content |
||
| 337 |
_aUnmediated _2rdamedia |
||
| 338 |
_avolume _2rdacarrier |
||
| 502 | _aأطروحة (ماجستير)-جامعة القاهرة، 2024. | ||
| 504 | _aببليوجرافيا: صفحات 113-125. | ||
| 520 | _aهدفت الدراسة إلى الكشف عن دور الرحمة بالذات كمتغير مُعدل في العلاقة بين صعوبات تنظيم الانفعال والاحتراق النفسي لدى العاملين في مجال الصحة النفسية. وتكونت عينة الدراسة من (٢٨١) فردًا من العاملين في مجال الصحة النفسية، منهم (59) طبيبًا نفسيًا و(222) أخصائيًا نفسيًا إكلينيكيًا يعملون في المستشفيات النفسية العامة والخاصة والعيادات النفسية الخاصة. استخدمت الباحثة مقياس الرحمة بالذات لنيف (Neff, 2003) تعريب الباحثة، ومقياس صعوبات تنظيم الانفعال الذي أعدته الباحثة استنادًا إلى نموذج (Gratz & Roemer, 2004)، وأيضًا مقياس ماسلاش للاحتراق النفسي (Maslach, et al., 1981) تعريب الباحثة. وأظهرت النتائج أن الرحمة بالذات تلعب دورًا معدلًا في العلاقة بين صعوبات تنظيم الانفعال والاحتراق النفسي. | ||
| 520 | _aThe study aims to reveal the role of self-compassion as a moderator in the relationship between difficulties in emotion regulation and burnout among mental health professionals. The study sample consisted of 281 individuals working in the field of mental health, including 59 psychiatrists and 222 clinical psychologists working in public and private psychiatric hospitals and private psychiatric clinics. The researcher used the Self-Compassion Scale (Neff, 2003) translated by the researcher, and the Emotion Regulation Difficulties Scale prepared by the researcher based on the model (Gratz & Roemer, 2004), in addition to the Maslach Burnout Scale (Maslach, et al., 1981) translated by the researcher. The results indicate a positive correlation between emotion regulation difficulties and burnout. Finally, the results show that self-compassion plays a moderating role in the relationship between emotion regulation difficulties and burnout. | ||
| 530 | _aصدر أيضًا كقرص مدمج. | ||
| 546 | _aالنص بالعربية والملخص باللغة الإنجليزية والعربية. | ||
| 650 | 7 |
_aالارشاد الشخصي _2qrmak |
|
| 653 | 0 |
_aالرحمة بالذات _aصعوبات تنظيم الانفعال _aالاحتراق النفسي |
|
| 700 | 0 |
_aمنال عبد النعيم محمد طه _eمشرف أطروحة. |
|
| 700 | 0 |
_aنفيسة فوزي عمر _eمشرف أطروحة. |
|
| 900 |
_b12-10-2024 _cمنال عبد النعيم محمد طه _cنفيسة فوزي عمر _dوفاء محمد عبد الجواد _dإبراهيم محمد سعد _Uجامعة القاهرة _Fكلية الدراسات العليا للتربية _Dقسم علم النفس الإرشادي |
||
| 905 | _aSara | ||
| 942 |
_2ddc _cTH _e21 _n0 |
||
| 999 | _c180594 | ||